000 00909nam a2200205 i 4500
001 40027
003 ES-MaACL
005 20251002202455.0
007 t|
008 030304s1955 sp ||||1| spa d
100 0 _aCarranza y Gómez, Ramón de,
_cMarqués de Soto Hermoso
_935514
245 1 0 _aDiscursos leídos por los Excelentísimos Señores Ramón de Carranza y José Hernández Díaz en la recepción pública del primero como académico numerario, celebrada el 19 de noviembre de 1955.
260 _aSevilla :
_b[s.n.,
_c1955] (
_fImp. Provincial)
300 _a36 p., 3 lám. ;
_c22 cm.
500 _aPrecede al tít.: Real Academia de Bellas Artes de Santa Isabel de Hungría.
700 1 _aHernández Díaz, José,
_d1906-1998
_962929
710 2 _aReal Academia de Bellas Artes de Santa Isabel de Hungría.
_96295
852 _aES-MaACL
_j1966-F-19
_bR.39031
999 _c40027
_d40027